Anh-Việt từ điển văn hóa văn minh Hoa Kỳ
Đã lưu trong:
| Príomhúdar: | |
|---|---|
| Formáid: | Neamhaithnid |
| Teanga: | English |
| Foilsithe: |
2008
|
| Ábhair: | |
| Clibeanna: |
Cuir Clib Leis
Gan Chlibeanna, Bí ar an gcéad duine leis an taifead seo a chlibeáil!
|
| Thư viện lưu trữ: | Mạng thư viện Đại học Đà Nẵng |
|---|
| LEADER | 00997ca a2200289 4500 | ||
|---|---|---|---|
| 001 | 000032176 | ||
| 003 | 8252 | ||
| 005 | 20151022000000.0 | ||
| 008 | 151002s2008 vm 000 eng | ||
| 041 | |a eng | ||
| 082 | |a 423 |b NG-H | ||
| 100 | |a Nguyễn Ngọc Hùng | ||
| 245 | |a Anh-Việt từ điển văn hóa văn minh Hoa Kỳ |c Nguyễn Ngọc Hùng | ||
| 260 | |c 2008 | ||
| 650 | |a Anh-Việt từ điển văn hóa văn minh Hoa Kỳ, Nguyễn Ngọc Hùng | ||
| 852 | |b Đọc |c TỪ ĐIỂN | ||
| OWN | |a LNN | ||
| AVA | |a UDN50 |b LNN |c English |d 423 NG-H |e available |t Error 5001 Not defined in file expand_doc_bib_avail. |f 5 |g 0 |h N |i 0 |j AN | ||
| 999 | |a From the UDN01 | ||
| AVA | |a UDN50 |b LNN |c English |d 423 NG-H |e available |t Error 5001 Not defined in file expand_doc_bib_avail. |f 5 |g 0 |h N |i 0 |j AN | ||
| 980 | |a Mạng thư viện Đại học Đà Nẵng | ||